MARC

LEADER 00000nam0a2200000 4500
001 130825
005 20231101220251.0
010 |a 5120023363 
020 |a RU  |b 91-47283 
035 |a (RuTPU)RU\TPU\book\141694 
090 |a 130825 
100 |a 20080208d1991 k a0rusy5003 ca 
101 0 |a rus 
102 |a UA 
105 |a y z 001zy 
200 1 |a Конденсация и кристаллизация  |e математические аспекты теории  |f Н. С. Гончар  |g Академия наук Украинской ССР, Институт теоретической физики 
210 |a Киев  |c Наукова думка  |d 1991 
215 |a 197 с. 
320 |a Библиогр.: с. 188-196. 
610 1 |a конденсация 
610 1 |a кристаллизация 
610 1 |a математическая теория 
610 1 |a математические аспекты 
675 |a 536.423  |v 3 
700 1 |a Гончар  |b Н. С.  |g Николай Семенович 
712 0 2 |a Академия наук Украинской ССР  |b Институт теоретической физики  |2 stltpush  |3 (RuTPU)RU\TPU\col\12744  |9 25515 
801 0 |a RU  |b RuMRKP  |c 19950417  |g psbo 
801 1 |a RU  |b 63413507  |c 20080208  |g PSBO 
801 2 |a RU  |b 63413507  |c 20081108  |g PSBO 
942 |c BK